Reasons to stay alive (Record no. 8794)

MARC details
000 -LEADER
fixed length control field 00336nam a22001337a 4500
008 - FIXED-LENGTH DATA ELEMENTS--GENERAL INFORMATION
fixed length control field 210716b ||||| |||| 00| 0 eng d
020 ## - INTERNATIONAL STANDARD BOOK NUMBER
International Standard Book Number 9781782116820
082 ## - DEWEY DECIMAL CLASSIFICATION NUMBER
Classification number FIC 823.92 HAI
100 ## - MAIN ENTRY--PERSONAL NAME
Personal name Haig, Matt
245 ## - TITLE STATEMENT
Title Reasons to stay alive
260 ## - PUBLICATION, DISTRIBUTION, ETC.
Place of publication, distribution, etc. New York:
Name of publisher, distributor, etc. Canongate Books,
Date of publication, distribution, etc. 2015.
300 ## - PHYSICAL DESCRIPTION
Extent 279 p.
Dimensions 18 cm.
942 ## - Added entry Elements (Koha)
Source of classification or shelving scheme Dewey Decimal Classification
Holdings
Withdrawn status Lost status Source of classification or shelving scheme Damaged status Not for loan Collection code Home library Current library Shelving location Date acquired Serial Enumeration / chronology Total Checkouts Total Renewals Full call number Barcode Date last seen Date last checked out Price effective from Koha item type
    Dewey Decimal Classification     Fiction RTC Library RTC Library Fiction 16/07/2021 16025 17 14 FIC 813.54 HAI 30015078 08/04/2026 09/03/2026 16/07/2021 Fiction
Royal Thimphu College || All Right Reserved